| 000 | 01136nam a2200325 a 4500 | ||
|---|---|---|---|
| 001 | 000015550 | ||
| 003 | DO-SdBPM | ||
| 005 | 20251112082005.0 | ||
| 007 | 000015550 | ||
| 008 | 100212s2009 dr a 000 p spa d | ||
| 020 | _a9789945869941 | ||
| 040 |
_aDO-SdBPM _bspa _cBPMSU _erda |
||
| 082 | 4 |
_aPR861.44 _bS158c 2009 _222 |
|
| 092 |
_a _b |
||
| 100 | 1 |
_aSajid, Antonio _eautor |
|
| 245 | 1 | 0 |
_aCanciones de cuna para un hombre y una ciudad / _cAntonio Sajid ; editor Bismar Galán ; ilustraciones Miguel Conesa ; prólogo María de los Milagros Pérez Toro. |
| 264 |
_aSanto Domingo : _bProyectos Biik, _c2009. |
||
| 300 |
_a77 páginas _bilustraciones, _c22 cm. |
||
| 336 |
_atexto _btxt _2rdacontent |
||
| 337 |
_asin mediación _bn _2rdamedia |
||
| 338 |
_avolumen _bnc _2rdacarrier |
||
| 590 | _aInventariado, 2025/VM | ||
| 650 | 7 | _aPoesía puertorriqueña | |
| 650 | 7 | _aLiteratura puertorriqueña | |
| 700 | 1 |
_aGalán, Bismar, _eeditor |
|
| 700 | 1 |
_aConesa, Miguel, _eilustración |
|
| 700 | 1 |
_aPérez Toro, María de los Milagros, _eprólogo |
|
| 910 | _aVMateo V. Control de calidad BPMSU | ||
| 942 |
_2ddc _cBK |
||
| 999 |
_c7153 _d7153 |
||